Aku sebuah televisyen (Record no. 131185)

MARC details
000 -LEADER
fixed length control field 00785nam a2200265 i 4500
001 - CONTROL NUMBER
control field C2-0332546
003 - CONTROL NUMBER IDENTIFIER
control field PPAK
005 - DATE AND TIME OF LATEST TRANSACTION
control field 20180728132728.0
008 - FIXED-LENGTH DATA ELEMENTS--GENERAL INFORMATION
fixed length control field 150805s2015 my a|||| ||||| | may d
020 ## - INTERNATIONAL STANDARD BOOK NUMBER
International Standard Book Number 9789671320617
040 ## - CATALOGING SOURCE
Original cataloging agency PPAK
Language of cataloging eng
Transcribing agency PPAK
Description conventions rda
082 04 - DEWEY DECIMAL CLASSIFICATION NUMBER
Classification number 499.2386
Edition number 23
090 00 - LOCALLY ASSIGNED LC-TYPE CALL NUMBER (OCLC); LOCAL CALL NUMBER (RLIN)
Classification number (OCLC) (R) ; Classification number, CALL (RLIN) (NR) 499.2386
Feature heading ZAN
Feature heading K
100 0# - MAIN ENTRY--PERSONAL NAME
Personal name Zanariah Mohd Rajab,
Dates associated with a name 1974-
Relator term author
245 10 - TITLE STATEMENT
Title Aku sebuah televisyen
264 #1 - PRODUCTION, PUBLICATION, DISTRIBUTION, MANUFACTURE, AND COPYRIGHT NOTICE
Place of production, publication, distribution, manufacture Kapar, Selangor :
Name of producer, publisher, distributor, manufacturer Hebat Publishing ,
Date of production, publication, distribution, manufacture, or copyright notice 2015
300 ## - PHYSICAL DESCRIPTION
Extent 16 pages :
Other physical details colour illustrations ;
Dimensions 26 cm
336 ## - CONTENT TYPE
Source rdacontent
Content type term text
337 ## - MEDIA TYPE
Source rdamedia
Media type term unmediated
338 ## - CARRIER TYPE
Source rdacarrier
Carrier type term volume
490 1# - SERIES STATEMENT
Series statement Siri sains mengenal benda
650 10 - SUBJECT ADDED ENTRY--TOPICAL TERM
Topical term or geographic name entry element Malay language - Readers - Science.
830 #0 - SERIES ADDED ENTRY--UNIFORM TITLE
Uniform title Siri sains mengenal benda
942 ## - ADDED ENTRY ELEMENTS (KOHA)
-- dc
Koha item type Book
Holdings
Withdrawn Not for loan Current library Shelving location Date acquired Total Checkouts Total Renewals Full call number Barcode Date last seen Date last checked out Koha item type
    Perpustakaan Alor Setar Pinjaman Kanak-kanak 05/08/2015     K 499.2386 ZAN A01455131 09/05/2018   Book
    Perpustakaan Awam Sungai Petani Pinjaman Kanak-kanak 05/08/2015 7   K 499.2386 ZAN A01455132 26/02/2025 02/02/2025 Book
    Perpustakaan Kulim Pinjaman Kanak-kanak 05/08/2015 1 1 K 499.2386 ZAN A01455133 08/02/2025 28/12/2024 Book
    Bergerak 4, Sungai Petani Pinjaman Kanak-kanak 05/08/2015     K 499.2386 ZAN A01455137 09/05/2018   Book
    Bergerak 5, Kulim Pinjaman Kanak-kanak 05/08/2015     K 499.2386 ZAN A01455138 09/05/2018   Book